000 00372nam a2200145Ia 4500
008 230312s9999||||xx |||||||||||||| ||und||
082 _a004.22
_bMAN-C
100 _aMano M. Morris
245 0 _aComputer system Architecture
260 _bPrentice Hall
_aUSA
300 _a525
546 _aEng.
650 _aArchitecture
_vDigital Computers , Boolean Gates,
942 _cBK
999 _c3469
_d3469